Quizzes
Events
Quiz Creation
Community
Videos
Private Events
Remove Ads
Sign In
Join for FREE
Feedback
Dark Mode
Quiz Categories
Sports
Geography
Music
Movies
Television
Just For Fun
Miscellaneous
History
Literature
Language
Science
Gaming
Entertainment
Religion
Holiday
For Kids
Quiz Lab
Recent
Popular Today
Quiz Kudos Today
Editor Picks
Curator Picks
Quizzes by...
Day
Popularity
Type
Ratings
Length
Year
Community
Subscriptions
Recent Discussions
Orange Saloon
Badges
Playlists
Quests
Create
Leaderboards
Showdown
Live 5
Trivia Bingo
Activity
Puzzle Library
Sporcle Events
Private Events
Virtual Trivia
Globe League
Become a Host
Pub Owners
SporcleCon
Opinionation
Our Games
Videos
Blog
Mobile Apps
Partnerships
Remove Ads and Go Orange
Feedback
Television
TV Characters
TV Show
Sitcom
Network
Friends
Reality Shows
Cast
South Park
Star Trek
The Simpsons
Doctor Who
Television
TV Characters
TV Show
Sitcom
Network
Friends
Reality Shows
Cast
South Park
Star Trek
The Simpsons
Doctor Who
Random Quiz
Search Sporcle
×
Quiz Lab
Quiz Lab
Television
Mixed Word
Type in answers that appear in a list
Type in answers that appear in a list
Classic
Best Score? Go Orange.
Unscramble Names of The Office Stats
Can you name the charaters of these scrambled up names?
By
Ando_Manifest
4m
20 Questions
517 Plays
517 Plays
517 Plays
Comments
Comments
Give Quiz Kudos
Give Quiz Kudos
-
- Ratings
hide this ad
Forced Order
Answers have to be entered in order
Answers have to be entered in order
Random Order
Randomize order of answers
Randomize order of answers
Replay
Link that replays current quiz
Next Quiz
Link to next quiz in quiz playlist
You Got
0%
They Got
Avg Score
73%
Avg Friend Score
Upgrade to see
Score Distribution
Jump to the score distribution portion of the page
Score
0/20
Timer
04:00
0
Plays Today
First
Full Name
% Correct
Mij
Jim Halpert
89.4%
Gidwht
Dwight Schrute
89%
Mpa
Pam Beesly
87%
Vdaid
David Wallace
82%
Aryn
Ryan Howard
77.8%
Nyad
Andy Bernard
77.4%
Lihmace
Michael Scott
76.6%
Scaor
Oscar Martinez
76.6%
Obty
Toby Flenderson
76.2%
Klyle
Kelly Kapoor
75.4%
First
Full Name
% Correct
Keivn
Kevin Malone
74.9%
Naj
Jan Levinson
74.9%
Alegan
Angela Martin
71.4%
Rdcee
Creed Bratton
71.2%
Islphly
Phyllis Lapin-Vance
70.8%
Ldayrr
Darryl Philbin
70.2%
Kaenr
Karen Filippelli
66.3%
Eirn
Erin Hannon
61.5%
Sayntel
Stanley Hudson
60.9%
Dmiehrte
Meredith Palmer
48.7%
Quiz Playlist
Details
Report
Send in Message
Add To Playlist
Classic:
Type in answers that appear in a list
Forced Order:
Answers have to be entered in order
Random Order:
Randomize order of answers
Last Updated: Feb 16, 2017
Quiz Scoreboard
CHALLENGE
Sign Up to Join the Scoreboard
Show All
Scores
Hide
Comments
May contain spoilers
Recently Published
NBA Finals Game Top Scorers (2010s)
by flibbidy
Sports
5m
Guess the 'R' Things in 3 Words
by MSUKent
Miscellaneous
3m
Actor to Badly Drawn Movie III
by MoMosMoProblems
Movies
5m
More to Explore
Quiz From the Vault
Featured Blog Post
Where Does Lost Luggage Go?
hide this ad
You Might Also Like...
Tags
Mixed Word Quiz
Character
full
last
office
scramble
Today's Top Quizzes in Television
Browse Television
hide this ad
Today's Top Quizzes in Mixed Word
Browse Mixed Word
Top Contributed Quizzes in Television
1
Hidden Simpsons Character
2
First Name TV: Leading Men
3
Hidden Simpsons Character II
4
Hidden Simpsons Character III
5
First Name TV: Leading Women Drama
6
Hidden Simpsons Character IV
7
Hidden Simpsons Character V
8
Hidden Simpsons Character VI
9
Hidden Simpsons Character VII
10
Pick A Pair: Religious TV
Explore More
Trending Topics
Harry Potter
NBA
Crossword
Disney
Marvel
Anime
Kpop
Soccer
Country
NFL
Song
Puzzle
The Office
WWE
Pokémon
hide this ad
More By:
Ando_Manifest
Quiz
Plays
Rating
Category
Featured
Created
Unscramble Names of The Office
517
3.91
Television
Jan 27, 2010
2008 Packers Receiving Stats
282
3.33
Sports
Jan 25, 2010
Alphabet Forwards & Backwards
269
2.83
Just For Fun
Feb 15, 2010
Go to Creator's Profile
Score Distribution
Quiz Creator Spotlight
Ando_Manifest
Follow
Send a Message
Quizzes Created
-
Created Quiz Play Count
-
More By This Creator
Popular Quizzes Today
1
Find the US States - No Outlines Minefield
2
Find the US States
3
The Countries of the World
4
10 Largest US States in Order
5
Find the Countries of Europe - No Outlines Minefield
6
US States
7
Guess the 'R' Things in 3 Words
8
NBA Finals Game Top Scorers (2010s)
More Television Quizzes
Singing Scenes in Anime
Curator's Pick
Trending Quizzes
First Name TV: Leading Men
Match the Book to the Film II
First Name TV: Leading Women Drama
Match the Book to the Film VI
3-Word Movies in 1 Word II
Recently Updated
Women's Final Four Teams by Year
bhenderson79
Presidents Quartet II
eogle
Anything But Clue(do)
eogle
Anything But Oceanian Capitals
eogle
Anything But 7
eogle
Anything But Thing
eogle
Word Ladder: February 29
pecheneg
Song Title Questions
pecheneg
Women's NCAA Tournament #1 Seeds
pecheneg
Celebrity Mug Shots
pecheneg
Trending Topics
Disney
Kpop
NBA
Anime
Crossword
Marvel
Harry Potter
Country
Soccer
The Office
Pokémon
Puzzle
Song
WWE
NFL
Your Account Isn't Verified!
In order to create a playlist on Sporcle, you need to verify the email address you used during registration. Go to your
Sporcle Settings
to finish the process.
Report this User
Report this user for behavior that violates our
Community Guidelines
.
Details:
Send Report
Go to the Sporcle.com Mobile Site →
Comments